00444nam a2200157Ia 4500003000900000008004100009020002200050040001600072080001900088245008200107260003000189300001400219650001000233650002200243700002100265IN-BaIIA211028s9999 xx 000 0 eng d a978-3-527-41031-6 cIIA Library a524.31.08bWHI 0aWhite dwarf atmospheres and circumstellar environmentscedited by D. W. Hoard aWeinheimbWiley-VCHc2011 axv, 227p. aStars aWhite dwarf stars aHoard, D. W. ed.